书目信息 |
| 题名: |
拉萨尔
|
|
| 作者: | 丁建弘 编 | |
| 分册: | ||
| 出版信息: | 北京 商务印书馆 1972 |
|
| 页数: | 48页 | |
| 开本: | 19cm | |
| 丛书名: | 历史知识读物 | |
| 单 册: | ||
| 中图分类: | K835.167.5 | |
| 科图分类: | ||
| 主题词: | ||
| 电子资源: | ||
| ISBN: | 11017.290 | |
| 000 | 00755cam2 2200265 450 | |
| 001 | 0105510024 | |
| 005 | 20150209165037.0 | |
| 010 | @a11017.290@dCNY0.11 | |
| 091 | @a11017.290@dCNY0.11 | |
| 100 | @a20021005d1972 em y0chiy0110 ea | |
| 101 | 0 | @achi |
| 102 | @aCN@b110000 | |
| 105 | @aa z 000yb | |
| 106 | @ar | |
| 200 | 1 | @a拉萨尔@9La Sa Er @f丁建弘编@b专著 |
| 210 | @a北京@c商务印书馆@d1972 | |
| 215 | @a48页@c图@d19cm | |
| 225 | 2 | @a历史知识读物 |
| 410 | 0 | @12001 @a历史知识读物 |
| 600 | 0 | @a拉萨尔@c(Lassalle, Ferdinand@f1825-1864)@x传记 |
| 690 | @aK835.167.5@v3 | |
| 701 | 0 | @a丁建弘@f(1936~)@9ding jian hong@4编 |
| 801 | 0 | @aCN@b广东省中山图书馆@c19960126 |
| 801 | 2 | @aCN@bAiZhiMarc |
| 905 | @aBZT@dK835.167.5@e5@f1@sK835.167.5/5 | |
| 拉萨尔/丁建弘编.-北京:商务印书馆,1972 |
| 48页:图;19cm.-(历史知识读物) |
| ISBN 11017.290:CNY0.11 |
| ● |
| 相关链接 |
|
|
|
正题名:拉萨尔
索取号:K835.167.5/5
 
预约/预借
| 序号 | 登录号 | 条形码 | 馆藏地/架位号 | 状态 | 备注 |
| 1 | 2000078729 | 2000078729 | 旧书回溯/ [索取号:K835.167.5/5] | 在馆 |